भीम सहनिया के उपन्यासों में सामाजिक चेतना (Record no. 396671)

MARC details
000 -LEADER
fixed length control field 00487 a2200133 4500
000 - LEADER
fixed length control field nam a22 7a 4500
100 ## - MAIN ENTRY--PERSONAL NAME
Personal name मीना, गोविन्द सिंह
110 ## - MAIN ENTRY--CORPORATE NAME
Corporate name or jurisdiction name as entry element मीना, गोविन्द सिंह
245 ## - TITLE STATEMENT
Title भीम सहनिया के उपन्यासों में सामाजिक चेतना
250 ## - EDITION STATEMENT
Edition statement Latest edition
260 ## - PUBLICATION, DISTRIBUTION, ETC.
Name of publisher, distributor, etc. Paradise Publishers
Date of publication, distribution, etc. 2024
264 ## - PRODUCTION, PUBLICATION, DISTRIBUTION, MANUFACTURE, AND COPYRIGHT NOTICE
Name of producer, publisher, distributor, manufacturer Paradise Publishers
Date of production, publication, distribution, manufacture, or copyright notice 2024
942 ## - ADDED ENTRY ELEMENTS (KOHA)
Koha item type Books
Holdings
Date last seen Total checkouts Barcode Cost, replacement price Price effective from Koha item type Lost status Source of classification or shelving scheme Damaged status Not for loan Withdrawn status Home library Current library Date acquired Source of acquisition Cost, normal purchase price
20/02/2026   438550 2495.00 20/02/2026 Books   Dewey Decimal Classification       VIVEKANANDA LIBRARY VIVEKANANDA LIBRARY 20/02/2026 12 1871.25
© Designed and Maintained by Vivekananda Library, MDU Rohtak